UBT Library

CURRENT CLINICAL TOPICS IN INFECTIOUS (Record no. 58536)

000 -LEADER
fixed length control field 00342nam a22001457a 4500
008 - FIXED-LENGTH DATA ELEMENTS--GENERAL INFORMATION
fixed length control field 221013b ||||| |||| 00| 0 eng d
020 ## - INTERNATIONAL STANDARD BOOK NUMBER
International Standard Book Number 0865425930
041 ## - LANGUAGE CODE
Language code of text/sound track or separate title eng
080 ## - UNIVERSAL DECIMAL CLASSIFICATION NUMBER
Edition identifier 21
Universal Decimal Classification number 616.9
082 ## - DEWEY DECIMAL CLASSIFICATION NUMBER
Classification number 616.9 REM
100 ## - Rafti
Rafti 16.2
101 ## - Shkurtesa
Shkurtesa INFEKS
245 ## - TITLE STATEMENT
Title CURRENT CLINICAL TOPICS IN INFECTIOUS
Statement of responsibility, etc REMINGTON J
942 ## - ADDED ENTRY ELEMENTS (KOHA)
Source of classification or shelving scheme
Item type Books
Holdings
Withdrawn status Lost status Source of classification or shelving scheme Damaged status Not for loan Collection code Permanent location Current location Date acquired Total Checkouts Full call number Barcode Date last seen Price effective from Koha item type
          Koleksioni i përgjithshem UBT - Lipjan UBT - Lipjan 10/13/2022   616.9 REM 002-80002870026097 10/13/2022 10/13/2022 Books
UBT Library © 2015-2024. All rights reserved University Education for Business and Technology